[Event "London Chess Classic FIDE Open"]
[Site "London ENG"]
[Date "2010.12.13"]
[Round "7"]
[White "Rendle, Thomas E"]
[Black "Rudd, Jack"]
[Result "0-1"]
[WhiteTitle "IM"]
[BlackTitle "IM"]
[WhiteElo "2400"]
[BlackElo "2253"]
[WhiteFideId "408760"]
[BlackFideId "405736"]
[EventDate "2010.12.08"]

1. e4 e6 2. d4 d5 3. Nd2 Nf6 4. e5 Nfd7 5. Bd3 c5 6. c3 Nc6 7. Ngf3 Be7 8. O-O
g5 9. dxc5 g4 10. Nd4 Ncxe5 11. Bb5 a6 12. Ba4 Bxc5 13. f4 gxf3 14. Nxf3 b5 15.
Bc2 Qc7 16. Bf4 Nxf3+ 17. Rxf3 Bd6 18. Bxd6 Qxd6 19. Rf2 Bb7 20. Qh5 O-O-O 21.
Qxf7 Rde8 22. Re1 e5 23. Nf5 Qe6 24. Ng7 Qxf7 25. Rxf7 Ref8 26. Ref1 Rxf7 27.
Rxf7 Rf8 28. Re7 Kd8 29. Re6 d4 30. Rh6 Rg8 31. Ne6+ Ke7 32. g3 dxc3 33. bxc3
Rc8 34. Bb3 Nf6 35. Ng7 Be4 36. Nh5 Bg6 37. Nxf6 Kxf6 38. Rh4 Rxc3 39. Bd5 a5
40. Kf2 Rc5 41. Bg8 Rc8 42. Bb3 e4 43. Ke3 Ke5 44. Rg4 Rc3+ 45. Kd2 Kd4 46. Rg5
e3+ 47. Ke2 Bd3+ 48. Kf3 Be4+ 49. Ke2 a4 0-1

[Event "London Chess Classic FIDE Open"]
[Site "London ENG"]
[Date "2010.12.13"]
[Round "7"]
[White "Stoma, Pawel"]
[Black "Wallace, Paul"]
[Result "0-1"]
[WhiteElo "2351"]
[BlackElo "2231"]
[WhiteFideId "1113569"]
[BlackFideId "2500892"]
[EventDate "2010.12.08"]

1. e4 e5 2. Nf3 Nc6 3. Bb5 f5 4. d3 fxe4 5. dxe4 Nf6 6. Qe2 Bc5 7. c3 a6 8. Bc4
Qe7 9. Nbd2 d6 10. b4 Ba7 11. Nf1 Be6 12. Ng3 O-O 13. O-O Kh8 14. a4 Qd7 15. Nh4
Bxc4 16. Qxc4 Qg4 17. Nhf5 d5 18. Qb3 Nxe4 19. h3 Qg6 20. Nxe4 dxe4 21. Ne3 Nd8
22. Ng4 Ne6 23. Qd5 Nf4 24. Qxe5 Rae8 25. Qxc7 Ne2+ 26. Kh1 Bb8 27. Qc4 Nf4 28.
Bxf4 Rxf4 29. g3 Rf3 30. Nh2 Rd3 31. Rae1 h5 32. h4 e3 33. f4 e2 34. Rf3 Rd1 35.
Ref1 exf1=Q+ 36. Nxf1 Qc6 37. Qxc6 bxc6 38. Kg2 Re2+ 39. Kh3 Ba7 0-1

[Event "London Chess Classic FIDE Open"]
[Site "London ENG"]
[Date "2010.12.13"]
[Round "7"]
[White "Piper, Matthew S"]
[Black "Haydon, David L"]
[Result "1/2-1/2"]
[WhiteElo "2343"]
[BlackElo "2218"]
[WhiteFideId "401463"]
[BlackFideId "415405"]
[EventDate "2010.12.08"]

1. e4 c6 2. Nc3 d5 3. Nf3 e6 4. d4 Nd7 5. e5 c5 6. Be2 cxd4 7. Nb5 Qa5+ 8. Bd2
Qb6 9. a4 a6 10. a5 Qd8 11. Nbxd4 Qc7 12. Bf4 Ne7 13. O-O Ng6 14. Bg3 Ndxe5 15.
Nxe5 Nxe5 16. f4 Nc6 17. f5 e5 18. Nxc6 bxc6 19. c4 Bc5+ 20. Kh1 O-O 21. cxd5
Rd8 22. Qc2 Bd4 23. dxc6 Rd6 24. Bf3 Bd7 25. Rac1 Be8 26. Rfe1 f6 27. b4 Kf8 28.
Red1 Rc8 29. Qc4 Qa7 30. Bf2 Bxc6 31. Bxd4 exd4 32. Bxc6 Rcxc6 33. Qxc6 Rxc6 34.
Rxc6 Qb7 35. Rc4 Qd5 36. Rcxd4 Qxf5 37. Rd5 Qe4 38. b5 axb5 39. Rxb5 Qa4 40.
Rbd5 Kf7 41. h3 Kg6 42. R1d4 Qa1+ 43. Kh2 Qa3 44. Rg4+ Kh6 45. Rdd4 Qxa5 46.
Rh4+ Kg6 47. Rdg4+ Kf5 48. Rxg7 Qe5+ 49. Rg3 Qe7 50. Rf3+ Kg5 51. Rg4+ Kh5 52.
Rgf4 Kg5 53. Rf5+ Kg6 54. Rxf6+ Qxf6 55. Rxf6+ Kxf6 56. g4 h5 1/2-1/2

[Event "London Chess Classic FIDE Open"]
[Site "London ENG"]
[Date "2010.12.13"]
[Round "7"]
[White "Pena Gomez, Manuel"]
[Black "Grant, Jonathan I M"]
[Result "1-0"]
[WhiteTitle "IM"]
[WhiteElo "2429"]
[BlackElo "2201"]
[WhiteFideId "2252813"]
[BlackFideId "2400294"]
[EventDate "2010.12.08"]

1. g3 Nf6 2. Bg2 d5 3. c4 e6 4. Nf3 Be7 5. O-O O-O 6. b3 c5 7. e3 Nc6 8. Qe2 e5
9. cxd5 Nxd5 10. Bb2 Bf6 11. d3 Bg4 12. h3 Bh5 13. Rd1 Re8 14. Nbd2 Ndb4 15. Ne4
Be7 16. a3 Nd5 17. Rac1 Qb6 18. Qc2 Rac8 19. g4 Bg6 20. Nxe5 Nxe5 21. Bxe5 Qe6
22. Bg3 f5 23. gxf5 Bxf5 24. Qc4 Kh8 25. Nd2 Nb6 26. Qxe6 Bxe6 27. Bxb7 Rcd8 28.
Nc4 Rf8 29. Bg2 Rf6 30. Na5 Bd5 31. e4 Ba8 32. Bh4 g5 33. Bxg5 Rg6 34. Bxe7 1-0

[Event "London Chess Classic FIDE Open"]
[Site "London ENG"]
[Date "2010.12.13"]
[Round "7"]
[White "Webb, Laurence E"]
[Black "Stone, Andrew M"]
[Result "0-1"]
[WhiteTitle "FM"]
[WhiteElo "2322"]
[BlackElo "2223"]
[WhiteFideId "402389"]
[BlackFideId "404985"]
[EventDate "2010.12.08"]

1. e4 e6 2. d4 d5 3. e5 c5 4. c3 Nc6 5. Nf3 Bd7 6. Be2 Nge7 7. Na3 cxd4 8. cxd4
Nf5 9. Nc2 Qb6 10. h4 Na5 11. h5 Bb5 12. g4 Nh6 13. Rg1 O-O-O 14. Rb1 Bxe2 15.
Qxe2 Kb8 16. Kf1 Rc8 17. Bxh6 gxh6 18. Kg2 Bg7 19. Ne3 f6 20. exf6 Bxf6 21. Qd2
Rhg8 22. Rbc1 Rcf8 23. Kh3 Rf7 24. Rg3 Rgf8 25. Kg2 Nc6 26. Nc2 e5 27. Qxh6 e4
28. Ng1 Bxd4 29. Nh3 Be5 30. Ne3 Bxg3 31. Kxg3 Qc7+ 32. Kg2 d4 33. Nf5 Rf6 34.
Qg5 Qe5 35. Rc4 e3 36. fxe3 Qd5+ 37. Kg3 Rxf5 38. e4 Rf3+ 0-1

[Event "London Chess Classic FIDE Open"]
[Site "London ENG"]
[Date "2010.12.13"]
[Round "7"]
[White "Maduekwe, Chiedu"]
[Black "Eggleston, David J"]
[Result "0-1"]
[BlackTitle "FM"]
[WhiteElo "2185"]
[BlackElo "2307"]
[WhiteFideId "8500118"]
[BlackFideId "412120"]
[EventDate "2010.12.08"]

1. d4 Nf6 2. c4 e6 3. Nf3 b6 4. a3 Bb7 5. Nc3 g6 6. Qc2 d5 7. cxd5 exd5 8. Bg5
Bg7 9. e3 O-O 10. Be2 Nbd7 11. O-O Qe7 12. Rfd1 a6 13. b4 c6 14. Rab1 b5 15. a4
Nb6 16. Ne5 Qe6 17. a5 Nc4 18. Nxc4 dxc4 19. Bxf6 Qxf6 20. Ne4 Qe7 21. Nc5 Rae8
22. Bf3 Qc7 23. Rbc1 Bc8 24. Qe2 f5 25. Qf1 g5 26. g3 f4 27. gxf4 gxf4 28. e4
Rf6 29. Kh1 Rh6 30. e5 Qe7 31. Rc3 Qh4 32. Qg1 Rg6 33. Qe1 Kh8 34. Bg2 Rg8 35.
Qe4 Bf8 36. Rg3 Bg4 37. Qxf4 Rh6 38. Rxg4 Rxg4 39. Qxf8+ Rg8 0-1

[Event "London Chess Classic FIDE Open"]
[Site "London ENG"]
[Date "2010.12.13"]
[Round "7"]
[White "Rodriguez Lopez, Rafael"]
[Black "Ernst, Michael"]
[Result "1-0"]
[WhiteTitle "IM"]
[WhiteElo "2305"]
[BlackElo "2169"]
[WhiteFideId "2204495"]
[BlackFideId "1618393"]
[EventDate "2010.12.08"]

1. e4 e6 2. d4 d5 3. Nc3 Nf6 4. e5 Nfd7 5. f4 c5 6. Nf3 Nc6 7. Be3 a6 8. Qd2 b5
9. a3 Qb6 10. Be2 cxd4 11. Nxd4 Nxd4 12. Bxd4 Bc5 13. Rd1 Bxd4 14. Qxd4 Qxd4 15.
Rxd4 Bb7 16. a4 bxa4 17. Rxa4 Ke7 18. Kd2 Rhc8 19. Rha1 Nc5 20. Rd4 Rc6 21. Bd3
Rb6 22. Ra2 f6 23. exf6+ gxf6 24. f5 Rg8 25. g3 Nxd3 26. Rxd3 h5 27. fxe6 Kxe6
28. h4 Rb4 29. Ne2 Rbg4 30. Nf4+ Rxf4 31. gxf4 Rg4 32. Ra4 Kf5 33. Rb4 Rg7 34.
Ke3 Kg4 35. Kf2 Rc7 36. Rg3+ Kf5 37. c3 Bc6 38. Rd4 Rb7 39. b4 a5 40. bxa5 Rb2+
41. Ke3 Ra2 42. Rg7 Rxa5 43. Rc7 Ba8 44. Rb4 Ra3 45. Rc8 Ra7 46. Kd4 Kxf4 47.
Rbb8 Bb7 48. Rc7 Ra4+ 49. c4 Ba8 50. Rcc8 dxc4 51. Rxa8 Rxa8 52. Rxa8 f5 53. Rf8
c3 54. Kxc3 Kg4 55. Kd2 Kxh4 56. Rxf5 Kg4 57. Rf8 Kg3 58. Rg8+ Kf3 59. Rh8 1-0

[Event "London Chess Classic FIDE Open"]
[Site "London ENG"]
[Date "2010.12.13"]
[Round "7"]
[White "Roberson, Peter T"]
[Black "Toubale, Tarek"]
[Result "1/2-1/2"]
[WhiteElo "2291"]
[BlackElo "2168"]
[WhiteFideId "412384"]
[BlackFideId "681075"]
[EventDate "2010.12.08"]

1. e4 c5 2. Nc3 Nc6 3. Bb5 Nd4 4. Bc4 e6 5. Nf3 a6 6. d3 Ne7 7. O-O Nec6 8. Nxd4
Nxd4 9. Be3 Be7 10. Ne2 Nxe2+ 11. Qxe2 O-O 12. Bb3 d5 13. c3 b5 14. Rad1 Bb7 15.
f4 f5 16. Kh1 Qd7 17. Bc1 Rae8 18. e5 d4 19. cxd4 1/2-1/2

[Event "London Chess Classic FIDE Open"]
[Site "London ENG"]
[Date "2010.12.13"]
[Round "7"]
[White "Merriman, John"]
[Black "Pedersen, Carsten"]
[Result "1/2-1/2"]
[WhiteElo "2259"]
[BlackElo "2154"]
[WhiteFideId "402362"]
[BlackFideId "1409760"]
[EventDate "2010.12.08"]

1. d4 Nf6 2. c4 Nc6 3. Nf3 e6 4. g3 d5 5. Nbd2 Be7 6. Bg2 O-O 7. O-O Ne4 8. e3
f5 9. a3 a5 10. b3 Bd7 11. Bb2 Be8 12. Ne1 a4 13. Nxe4 fxe4 14. b4 Bg6 15. Rc1
Bf6 16. Qc2 Bf5 17. Qe2 Ne7 18. f3 exf3 19. Bxf3 Bh3 20. Ng2 Nf5 21. Nf4 Bxf1
22. Rxf1 Re8 23. Nxe6 Qd6 24. Bxd5 Nxg3 25. hxg3 Qxg3+ 26. Qg2 Qxe3+ 27. Kh1
Qh6+ 28. Kg1 Qe3+ 1/2-1/2

[Event "London Chess Classic FIDE Open"]
[Site "London ENG"]
[Date "2010.12.13"]
[Round "7"]
[White "Chapman, Terry P D"]
[Black "Hagen, Anders Gjerdrum"]
[Result "1-0"]
[WhiteElo "2249"]
[BlackElo "2084"]
[WhiteFideId "413399"]
[BlackFideId "1506650"]
[EventDate "2010.12.08"]

1. Nf3 d5 2. c4 c6 3. cxd5 cxd5 4. d4 Nf6 5. Nc3 Nc6 6. Bf4 Bf5 7. e3 e6 8. Qb3
Qb6 9. Qxb6 axb6 10. Nh4 Bg6 11. f3 Kd7 12. Bb5 Bd6 13. Bg3 Bxg3+ 14. hxg3 Kd6
15. Kd2 Nd7 16. g4 f6 17. Nxg6 hxg6 18. Bd3 g5 19. Rac1 Ke7 20. Ke2 Rac8 21. Nb5
Ra8 22. a3 Rac8 23. Rhe1 Ndb8 24. b4 Rcd8 25. Kf2 Rd7 26. Bb1 Kf7 27. Ba2 Ne7
28. Nc3 Rc8 29. Na4 Rdc7 30. Rxc7 Rxc7 31. Nxb6 Rc6 32. Na4 Ra6 33. Bb3 b5 34.
Nc3 Rxa3 35. Rb1 Nec6 36. Nxb5 Ra8 37. Rc1 Nxb4 38. Rc7+ Kg6 39. Rc8 N4c6 40.
Bc2+ Kf7 41. Rc7+ Kf8 42. Bb3 Ne7 43. e4 Na6 44. Rb7 Rb8 45. Rxb8+ Nxb8 46. Nc7
Kf7 47. exd5 exd5 48. Bxd5+ Nxd5 49. Nxd5 Nc6 50. Ke3 Ke6 51. Nc3 Nb4 52. Ke4 g6
53. g3 Nc2 54. f4 gxf4 55. gxf4 Nb4 56. f5+ gxf5+ 57. gxf5+ Kd7 58. Nd5 Na2 59.
Nxf6+ Kd6 60. Ne8+ Ke7 61. Nc7 Kd7 62. Nb5 Kc6 63. f6 Kd7 64. Kf5 Nb4 65. Nc3
Ke8 66. Ke6 Nc6 1-0

[Event "London Chess Classic FIDE Open"]
[Site "London ENG"]
[Date "2010.12.13"]
[Round "7"]
[White "Yeo, Michael J"]
[Black "White, Michael J R"]
[Result "0-1"]
[BlackTitle "FM"]
[WhiteElo "2183"]
[BlackElo "2247"]
[WhiteFideId "402257"]
[BlackFideId "407380"]
[EventDate "2010.12.08"]

1. e4 c5 2. Nf3 Nc6 3. d4 cxd4 4. Nxd4 Nf6 5. Nc3 e5 6. Ndb5 d6 7. Bg5 a6 8. Na3
b5 9. Bxf6 gxf6 10. Nd5 f5 11. Bxb5 axb5 12. Nxb5 Ra4 13. Nbc7+ Kd7 14. O-O Rxe4
15. Qh5 Nd4 16. c3 Ne2+ 17. Kh1 Kc6 18. Qxf7 Nf4 19. Nb4+ Kb7 20. Nba6 Bd7 21.
Qb3+ Ka7 22. c4 Bc6 23. f3 Re2 24. Nb4 Bb7 25. Nb5+ Kb8 26. Nc3 Qg5 27. g3 Rxh2+
28. Kxh2 Rg8 29. Nc6+ Kc7 30. Ne4 fxe4 31. fxe4 Bxc6 32. Rae1 Qh5+ 33. Kg1 Qh3 0-1

[Event "London Chess Classic FIDE Open"]
[Site "London ENG"]
[Date "2010.12.13"]
[Round "7"]
[White "Thomassen, Thomas"]
[Black "Tate, Alan"]
[Result "0-1"]
[WhiteElo "2033"]
[BlackElo "2234"]
[WhiteFideId "1504860"]
[BlackFideId "2401878"]
[EventDate "2010.12.08"]

1. c4 b6 2. d4 Bb7 3. Nc3 e6 4. a3 f5 5. d5 Nf6 6. g3 a5 7. Bg2 Na6 8. Nf3 Bd6
9. O-O O-O 10. Re1 Nc5 11. Nb5 exd5 12. Nxd6 cxd6 13. Nd4 dxc4 14. Bxb7 Nxb7 15.
Nxf5 Kh8 16. e4 Nc5 17. Nxd6 Nd3 18. Rf1 b5 19. Qe2 Qb6 20. e5 Ng4 21. Ne4 Ngxe5
22. Ng5 h6 23. Be3 Qg6 24. f4 Nc6 25. f5 Rxf5 26. Rxf5 Qxf5 27. Rf1 Qg6 28. Nf7+
Kh7 29. Qf3 Re8 30. Bd2 Nd4 31. Qd5 Ne2+ 32. Kg2 Nxg3 33. hxg3 Re2+ 34. Kh1 Rxd2
35. Qf3 Rxb2 36. g4 Qc6 0-1

[Event "London Chess Classic FIDE Open"]
[Site "London ENG"]
[Date "2010.12.13"]
[Round "7"]
[White "Britton, Richard L"]
[Black "Grochowalski, Pawel"]
[Result "1/2-1/2"]
[WhiteTitle "FM"]
[WhiteElo "2229"]
[BlackElo "2062"]
[WhiteFideId "401692"]
[BlackFideId "1115197"]
[EventDate "2010.12.08"]

1. e4 c6 2. d3 d5 3. Nd2 g6 4. Ngf3 Bg4 5. h3 Bxf3 6. Qxf3 Bg7 7. g3 e6 8. Bg2
Ne7 9. O-O O-O 10. Qe2 Nd7 11. c3 e5 1/2-1/2

[Event "London Chess Classic FIDE Open"]
[Site "London ENG"]
[Date "2010.12.13"]
[Round "7"]
[White "Anderton, Matthew N"]
[Black "Andreev, Peter"]
[Result "1/2-1/2"]
[WhiteElo "2227"]
[BlackElo "1864"]
[WhiteFideId "403237"]
[BlackFideId "406350"]
[EventDate "2010.12.08"]

1. e4 c5 2. c3 Nf6 3. e5 Nd5 4. Nf3 e6 5. Bc4 d6 6. O-O Nc6 7. d4 cxd4 8. cxd4
Be7 9. exd6 Bxd6 10. Nc3 O-O 11. Re1 Nce7 12. Ne5 a6 13. a4 Qc7 14. Qb3 Nc6 1/2-1/2

[Event "London Chess Classic FIDE Open"]
[Site "London ENG"]
[Date "2010.12.13"]
[Round "7"]
[White "Lenier, Jude"]
[Black "Remmler, Hans-Peter"]
[Result "1/2-1/2"]
[WhiteElo "2006"]
[BlackElo "2209"]
[WhiteFideId "470678"]
[BlackFideId "4623266"]
[EventDate "2010.12.08"]

1. e4 e5 2. Nf3 Nc6 3. Bb5 a6 4. Ba4 Nf6 5. O-O Nxe4 6. d4 b5 7. Bb3 d5 8. dxe5
Be6 9. Nbd2 Nc5 10. c3 Be7 11. Bc2 Bg4 12. h3 Bh5 13. Re1 Qd7 14. Nb3 Ne6 15.
Bf5 Bg6 16. Nfd4 Ncxd4 17. Nxd4 Bxf5 18. Nxf5 Bc5 19. a4 Rd8 20. axb5 axb5 21.
Qg4 g6 22. Nh6 Ng7 23. Qf3 Ne6 24. Ng4 Be7 25. Bh6 Qc6 26. Nf6+ Bxf6 27. exf6
Kd7 28. Red1 d4 29. Qg4 Kc8 30. cxd4 Kb7 31. Be3 Qd5 32. Rac1 Rd6 33. Rd3 Rc6
34. Rdc3 Rxc3 35. bxc3 Ra8 36. Rb1 c6 37. Qe2 Ra4 38. Qc2 Ka6 39. Qb2 Qa2 40.
Qxa2 Rxa2 41. Kh2 Ra3 42. Rc1 Ra4 43. Kg3 Rc4 44. Kf3 Kb7 45. Ke4 Nc5+ 46. Kf3
Ne6 47. g4 Kc7 48. h4 Kd6 49. g5 Kd5 50. Ke2 b4 51. Kd3 bxc3 52. Rxc3 Rxc3+ 53.
Kxc3 Nc7 54. Kd3 Nb5 55. f4 Nd6 56. Bg1 Ke6 57. Ke2 Kf5 58. Kf3 Nc4 59. Bh2 Nd2+
60. Ke2 Nb3 61. Kd3 Na5 62. Bg3 Nb7 63. Ke3 Kg4 64. Be1 Nd6 65. Bf2 Kf5 66. Be1
Nb5 67. Bb4 Nc7 68. Kf3 Ne6 69. Bc3 Nxf4 70. Bd2 Nd5 71. Ba5 Nf4 72. Bd2 Nd3 73.
Bc3 Nc1 74. Bd2 Nb3 75. Bc3 Nc1 76. Bd2 Nd3 77. Bc3 c5 78. dxc5 Nxc5 79. Ba5 Ne6
80. Bb6 Nf4 81. Bd4 Nd3 82. Bc3 Nc5 83. Ba5 Ne4 84. Be1 Nd6 85. Bg3 Nc4 86. Bf4
Nb6 1/2-1/2

[Event "London Chess Classic FIDE Open"]
[Site "London ENG"]
[Date "2010.12.13"]
[Round "7"]
[White "Lang, Alexander"]
[Black "Hodgson, John H"]
[Result "1/2-1/2"]
[WhiteElo "2079"]
[BlackElo "2206"]
[WhiteFideId "4645588"]
[BlackFideId "403520"]
[EventDate "2010.12.08"]

1. d4 Nf6 2. Bf4 g6 3. e3 Bg7 4. Nf3 O-O 5. Be2 d6 6. h3 Nbd7 7. O-O b6 8. Nbd2
Bb7 9. a4 a5 10. c3 Ne4 11. Nxe4 Bxe4 12. Bh2 Bb7 13. Nd2 e5 14. Bf3 Qc8 15.
Bxb7 Qxb7 16. Qf3 Qxf3 17. Nxf3 Rfe8 18. Rfe1 f6 19. Nd2 Kf7 20. Kf1 Nf8 21.
Rad1 Ne6 22. Nc4 Bf8 23. Na3 exd4 24. exd4 d5 25. Nb5 1/2-1/2

[Event "London Chess Classic FIDE Open"]
[Site "London ENG"]
[Date "2010.12.13"]
[Round "7"]
[White "Burke, John S"]
[Black "Spivack, Simon S Y"]
[Result "0-1"]
[WhiteElo "2078"]
[BlackElo "2189"]
[WhiteFideId "404322"]
[BlackFideId "404780"]
[EventDate "2010.12.08"]

1. b4 Nf6 2. Bb2 d5 3. Nf3 Bg4 4. e3 Nbd7 5. h3 Bh5 6. c4 e6 7. c5 c6 8. Be2 Qc7
9. O-O e5 10. d4 e4 11. Nfd2 Bxe2 12. Qxe2 Be7 13. Nc3 O-O 14. Rfc1 g6 15. a4
Nh5 16. b5 f5 17. a5 a6 18. bxc6 bxc6 19. f4 exf3 20. Qxf3 Bg5 21. Nf1 Ndf6 22.
Rc2 Rf7 23. Ne2 Re7 24. Bc1 Rb8 25. Rb2 Ne4 26. Rb6 Qc8 27. Rab1 Reb7 28. Bd2
Bd8 29. Be1 Bxb6 30. axb6 Ra8 31. Ra1 Qf8 32. Nc1 a5 33. Nb3 Rf7 34. Nxa5 f4 35.
Bh4 fxe3 36. Qxe3 Rxa5 37. Rxa5 Rxf1+ 38. Kh2 Qb8+ 39. g3 g5 40. Qa3 Rf8 41. Ra7
gxh4 0-1

[Event "London Chess Classic FIDE Open"]
[Site "London ENG"]
[Date "2010.12.13"]
[Round "7"]
[White "Ethelontis, Alexandros N"]
[Black "Owen, Dennis"]
[Result "1-0"]
[WhiteElo "2187"]
[BlackElo "2045"]
[WhiteFideId "405469"]
[BlackFideId "470830"]
[EventDate "2010.12.08"]

1. c4 e6 2. g3 f5 3. Bg2 Nf6 4. Nf3 Nc6 5. O-O b6 6. d4 Bb7 7. Nc3 Be7 8. d5 Nb8
9. Nd4 c5 10. Nf3 exd5 11. cxd5 d6 12. Ng5 Qd7 13. Ne6 Kf7 14. e4 Nxe4 15. Nxe4
fxe4 16. Bxe4 g6 17. f4 Bf6 18. f5 gxf5 19. Rxf5 h6 20. Qh5+ Ke7 21. Qg6 1-0

[Event "London Chess Classic FIDE Open"]
[Site "London ENG"]
[Date "2010.12.13"]
[Round "7"]
[White "Hadi, Justin"]
[Black "Zymberi, Astrit"]
[Result "0-1"]
[WhiteElo "2043"]
[BlackElo "2148"]
[WhiteFideId "409154"]
[BlackFideId "4700295"]
[EventDate "2010.12.08"]

1. e4 c5 2. Nf3 e6 3. b3 b6 4. Bb2 Bb7 5. Qe2 Nf6 6. d3 d6 7. Nbd2 e5 8. g3 g6
9. Bg2 Bh6 10. h3 Nc6 11. Nh2 Qd7 12. c4 Nh5 13. Bf3 Ng7 14. Ng4 Bg5 15. h4 Bd8
16. Nh6 Qe7 17. Bg4 f5 18. exf5 Nd4 19. f6 Qxf6 20. Ne4 Nxe2 21. Nxf6+ Bxf6 22.
Kxe2 Bxh1 23. Rxh1 Ke7 24. Bf3 Raf8 25. Bd5 Nf5 26. Bc1 Nd4+ 27. Kf1 Nf5 28. Kg2
Nxh6 29. Bxh6 Rb8 30. a4 a6 31. g4 e4 32. dxe4 b5 33. axb5 axb5 34. Re1 bxc4 35.
e5 Bxe5 36. f4 cxb3 37. fxe5 dxe5 38. Bg7 Rhd8 39. Bxe5 Rxd5 40. Bxb8+ Kd7 41.
Kf3 c4 42. Ke4 Kc6 43. Be5 Kc5 44. Bc3 Rd3 45. Bf6 Rd2 46. Ke3 Rc2 47. Re2 Rc1
48. Kd2 Rg1 49. Re5+ Kb4 50. Be7+ Ka4 51. Bd8 Rg3 52. Rc5 Kb4 53. Be7 Rg2+ 54.
Kd1 b2 55. Rc8+ 0-1

[Event "London Chess Classic FIDE Open"]
[Site "London ENG"]
[Date "2010.12.13"]
[Round "7"]
[White "Wheldon, Philip"]
[Black "Phillips, Owen S"]
[Result "0-1"]
[WhiteElo "2125"]
[BlackElo "1996"]
[WhiteFideId "407402"]
[BlackFideId "417882"]
[EventDate "2010.12.08"]

1. e4 e6 2. d4 d5 3. Nc3 Bb4 4. e5 Ne7 5. a3 Bxc3+ 6. bxc3 c5 7. Qg4 Qc7 8. Qxg7
Rg8 9. Qxh7 cxd4 10. Ne2 dxc3 11. f4 Nbc6 12. Qd3 d4 13. Nxd4 Nxd4 14. Qxd4 Bd7
15. Rb1 Nf5 16. Qf2 Bc6 17. Rg1 Rd8 18. Bd3 Rxd3 19. cxd3 Qd7 20. d4 Qd5 21. Rb4
a5 22. Rb6 Qe4+ 23. Qe2 Qxd4 24. Qf2 Qe4+ 25. Qe2 Qd5 26. Be3 Nxe3 27. Qxe3 c2
28. Ke2 Rxg2+ 29. Rxg2 Qd1+ 0-1

[Event "London Chess Classic FIDE Open"]
[Site "London ENG"]
[Date "2010.12.13"]
[Round "7"]
[White "Fegan, Chris"]
[Black "Cannon, Richard J"]
[Result "1-0"]
[WhiteElo "2003"]
[BlackElo "2119"]
[WhiteFideId "410047"]
[BlackFideId "408670"]
[EventDate "2010.12.08"]

1. d4 e6 2. Nf3 Nf6 3. e3 b6 4. Bd3 Bb7 5. O-O d6 6. Re1 Nbd7 7. e4 e5 8. Bb5 c6
9. Ba4 Be7 10. c4 O-O 11. Nc3 a6 12. d5 Rc8 13. h3 cxd5 14. cxd5 b5 15. Bb3 b4
16. Na4 a5 17. a3 Ba6 18. axb4 axb4 19. g4 Qa5 20. Be3 Qb5 21. Bd2 h5 22. g5 Ne8
23. Re3 g6 24. Bc2 Nc5 25. Nxc5 Qxc5 26. Ba4 Nc7 27. Rb3 Rb8 28. Be3 Qc4 29. Rc1
Qe2 30. Qxe2 Bxe2 31. Rxc7 Bd8 32. Rd7 Bxf3 33. Ba7 Rc8 34. Rxf3 Rc1+ 35. Kg2
Bxg5 36. Be3 Bxe3 37. Rxe3 f5 38. Rxd6 f4 39. Rb3 Kh7 40. Rc6 Ra1 41. Bb5 Re1
42. f3 Rd1 43. Rd3 Rb1 44. Rd2 Ra8 45. Ra6 Rc8 46. Bc6 Kh6 47. d6 1-0

[Event "London Chess Classic FIDE Open"]
[Site "London ENG"]
[Date "2010.12.13"]
[Round "7"]
[White "Doran, Chris"]
[Black "Mcintyre, Paul"]
[Result "1/2-1/2"]
[WhiteElo "1988"]
[BlackElo "2119"]
[WhiteFideId "503835"]
[BlackFideId "412988"]
[EventDate "2010.12.08"]

1. e4 c5 2. Nf3 d6 3. d4 cxd4 4. Nxd4 Nf6 5. Nc3 Nc6 6. Be2 e5 7. Nb3 Be7 8. Be3
Be6 9. O-O O-O 10. f4 exf4 11. Rxf4 Nd7 12. Nd4 Nce5 13. Nxe6 fxe6 14. Bg4 Nxg4
15. Rxf8+ Nxf8 16. Qxg4 Bf6 17. Rd1 Qc7 18. h4 Be5 19. h5 b5 20. Nxb5 Qxc2 21.
Nd4 Qxb2 22. Nxe6 Nxe6 23. Qxe6+ Kh8 24. h6 Qe2 25. hxg7+ Bxg7 26. Qb3 Rg8 27.
Qd3 Qxa2 28. Bd4 Be5 29. Rd2 Qa5 30. Bxe5+ dxe5 31. Qf3 Qb6+ 32. Kh2 Qh6+ 33.
Kg1 Rf8 34. Qc3 Qf4 35. Rd5 Qf2+ 36. Kh2 Qf4+ 37. Kg1 Re8 38. Qc6 Qe3+ 39. Kh2
Qf4+ 40. Kg1 Qe3+ 41. Kh2 Rf8 42. Rd7 Qg5 43. Qb7 Qg6 44. Qd5 Qf6 45. Qb7 1/2-1/2

[Event "London Chess Classic FIDE Open"]
[Site "London ENG"]
[Date "2010.12.13"]
[Round "7"]
[White "Larsen, Tor Ketil"]
[Black "Schweitzer, Werner"]
[Result "1/2-1/2"]
[WhiteElo "1980"]
[BlackElo "2115"]
[WhiteFideId "1508130"]
[BlackFideId "1622927"]
[EventDate "2010.12.08"]

1. e4 c6 2. d4 d5 3. e5 Bf5 4. Nf3 e6 5. Be2 Nd7 6. O-O Ne7 7. Be3 Qb6 8. b3 Bg4
9. Nbd2 Nf5 10. c4 Ba3 11. c5 Qa5 12. Qc2 O-O 13. h3 Nxe3 14. fxe3 Bf5 15. Bd3
Bg6 16. Ng5 Qb5 17. Bxg6 hxg6 18. Nb1 Bb4 19. Qf2 f6 20. exf6 Rxf6 21. Nf3 e5
22. a3 Bxc5 23. Nc3 Qd3 24. Nxd5 cxd5 25. dxc5 e4 26. Qd2 Nxc5 27. Qxd3 Nxd3 28.
Ne1 Rxf1+ 29. Kxf1 Rf8+ 30. Kg1 Nxe1 31. Rxe1 Kf7 32. Rc1 Ke6 33. Rc7 Rf7 34.
Rc8 Kd6 35. b4 Rc7 36. Rd8+ Kc6 37. Kf2 a6 38. Kg3 Rd7 39. Rc8+ Kb5 40. Kf4 d4
41. Rc5+ Ka4 42. Ra5+ Kb3 43. exd4 Rxd4 44. Ke3 Rd6 45. Kxe4 b5 46. g4 Kc4 47.
Ke5 Rb6 48. h4 Rc6 49. Kf4 Kd4 50. g5 Rb6 51. Kf3 Kc4 1/2-1/2

[Event "London Chess Classic FIDE Open"]
[Site "London ENG"]
[Date "2010.12.13"]
[Round "7"]
[White "De Lagontrie, Jean"]
[Black "Hebbes, Tim"]
[Result "0-1"]
[WhiteElo "1948"]
[BlackElo "2108"]
[WhiteFideId "605271"]
[BlackFideId "406570"]
[EventDate "2010.12.08"]

1. d4 Nf6 2. c4 e6 3. Nc3 Bb4 4. e3 O-O 5. Ne2 b6 6. a3 Bxc3+ 7. Nxc3 Bb7 8. Bd3
d6 9. O-O Nbd7 10. e4 e5 11. d5 Kh8 12. b4 a5 13. b5 Nc5 14. Bg5 h6 15. Bh4 g5
16. Bg3 Bc8 17. Re1 Bg4 18. Be2 Bd7 19. Bf1 Qc8 20. Ra2 Ng8 21. h4 f6 22. Be2
Ne7 23. Bh5 Kg7 24. f3 Ng8 25. Bf2 f5 26. exf5 Bxf5 27. Ne4 Bxe4 28. fxe4 Rf4
29. hxg5 hxg5 30. Bg3 Rxe4 31. Rxe4 Nxe4 32. Bg4 Qe8 33. Be1 Ngf6 34. Be6 Qg6
35. g4 Nc5 36. Bf5 Qf7 37. Rh2 Rh8 38. Rxh8 Kxh8 39. Qe2 Qg7 40. Qh2+ Kg8 41.
Qh1 Ncd7 42. Be6+ Kf8 43. Bd2 Ke7 44. Qf3 e4 45. Qf5 Ne5 46. Kg2 Nf3 47. Kg3 Qh6 0-1